Juicios de tránsito y policía local: organización, procedimientos y sanciones en los diversos juicios: de tránsito, de copropiedad inmobiliaria, de ley forestal, de ley de defensa del consumidor, ley de urbanizaciones y construcción y normas legales municipales, incluye textos legales

Kaydedildi:
Detaylı Bibliyografya
Yazar: Villarroel Contreras, Eduardo (Yazar)
Materyal Türü: Kitap
Dil:İspanyolca
Baskı/Yayın Bilgisi: Santiago Jurídicas 2008
Edisyon:2a. ed
Konular:
Etiketler: Etiketle
Etiket eklenmemiş, İlk siz ekleyin!

MARC

LEADER 00000nam a2200000 a 4500
001 UCI6129
003 CL-VaPUC
008 080418e20080000CL |||||||||||||||||spa|d
020 |a 9568217053 
082 0 4 |a 347.83016  |b VIL  |2 21 
100 0 |a Villarroel Contreras, Eduardo  |e author  |9 528878 
245 1 0 |a Juicios de tránsito y policía local: organización, procedimientos y sanciones en los diversos juicios: de tránsito, de copropiedad inmobiliaria, de ley forestal, de ley de defensa del consumidor, ley de urbanizaciones y construcción y normas legales municipales, incluye textos legales 
250 |a 2a. ed 
300 |a 442 p 
942 |c BK 
945 |d 20080418 00:00:00  |a jtorresc 
260 |a Santiago  |b Jurídicas  |c 2008 
650 7 |a JUZGADO POLICIA LOCAL  |2 CL-VaPUC  |9 528879 
650 7 |a LEY GENERAL DE URBANISMO Y CONSTRUCCIONES  |2 CL-VaPUC  |9 528880 
650 7 |a LEY DE BOSQUES  |2 CL-VaPUC  |9 528881 
650 7 |a FOMENTO FORESTAL  |2 CL-VaPUC  |9 388695 
650 7 |a LEY DE PROTECCION DEL CONSUMIDOR  |2 CL-VaPUC  |9 528882 
650 0 |a Copropiedad inmobiliaria   |9 413824 
650 7 |a LEY DE TRANSITO  |2 CL-VaPUC  |9 528883 
650 0 |a Aplicación a la ley   |9 528884 
650 7 |a RESPONSABILIDAD CIVIL  |2 CL-VaPUC  |9 528885 
650 7 |a REGLAMENTO DE TRANSITO  |2 CL-VaPUC  |9 528886 
651 7 |a CHILE  |2 CL-VaPUC  |9 528887 
583 |a last modification  |c 20080418 00:00:00  |k Rodrigo Vera 
999 |c 329717  |d 329715 
952 |0 0  |1 0  |4 0  |6 347_830160000000000_VIL_2008  |7 0  |8 A  |9 414736  |a BIBDER  |b BIBDER  |d 2019-11-22  |i 4430840  |o 347.83016 VIL 2008  |p 4430840  |r 2023-01-25  |w 2019-11-22  |y BK  |k DER 
952 |0 0  |1 0  |4 0  |6 347_830160000000000_VIL_2008  |7 0  |8 A  |9 414737  |a BIBDER  |b BIBDER  |d 2019-11-22  |i 4498224  |o 347.83016 VIL 2008  |p 4498224  |r 2023-01-25  |w 2019-11-22  |y BK  |k DER